Kniha mesačník pre knižnú kultúru

Bibliographic Details
New Title:Čitateľ
Previous Title:Knižnica
Format: Journal
Language:Slovak
PhysicalDescription:2 zv. 24 cm
Published: Bratislava Tatran 1950-1951
ISSN:0009-7438
Subjects:

MARC

LEADER 00000cas a2200000 a 4500
001 vtls008838212
003 SK-MaSNL
005 20260228161401.0
008 060811d19501951xo mr p 000 b0slo
040 |a SVKPO  |b slo  |c SVKPO  |d SAVUK  |d SNK  |e AACR2 
041 |a slo 
044 |a xo  |c SK 
072 7 |a 82  |x Literatúra. Literárny život  |2 konspekt 
072 7 |a 930.85  |x Dejiny civilizácie. Kultúrne dejiny  |2 konspekt 
072 7 |a 655  |x Polygrafia. Vydavateľstvá a knižný obchod  |2 konspekt 
080 |a 82  |2 2001 
080 |a 050  |2 2001 
080 |a 930.85:08/09  |2 2011 
080 |a 655+686.1  |2 2011 
245 0 0 |a Kniha  |b mesačník pre knižnú kultúru 
260 |a Bratislava  |b Tatran  |c 1950-1951 
300 |a 2 zv.  |c 24 cm 
310 |a 10x ročne 
362 0 |a Roč. I, č. 1 (1950)-roč. II, č. 10 (1951) 
515 |a Niektoré čísla vychádzajú ako dvojčíslo 
650 0 7 |a literatúra  |2 SNKPH  |9 1427 
650 0 7 |a knižná kultúra  |2 SNKPH  |9 31235 
655 7 |a odborné časopisy  |2 SNKPH  |9 70505 
770 0 |t Knihy pre verejné knižnice  |w vtls010301438 
780 0 7 |t Knižnica  |w vtls010301442 
785 0 0 |t Čitateľ  |x 0009-7438  |w vtls008881572 
850 |a Štátna vedecká knižnica v Prešove 
852 |a Štátna vedecká knižnica v Banskej Bystrici 
910 |a svkpo 
910 |a savuk 
910 |a snk 
916 |a 1950-1951 
999 |c 5178  |d 7108 
952 |0 0  |1 0  |4 0  |7 1  |a SNK  |b SNK  |d 2008-03-11  |i snkI. 1023/52  |l 0  |o snkČSC 482/2/1950 D2  |p 17A0579022  |r 2026-02-21 20:39:13  |t č. 1-10 + príl.  |w 2026-02-21  |y NEVYP  |z príl. Knihy pre verejné knižnice roč. III, 1951, č. 1-10 ;  
952 |0 0  |1 0  |3 rekatalogizácia  |4 0  |7 1  |a SNK  |b SNK  |d 2005-03-01  |i snkII. 1398/50  |l 0  |o snkČSC 482/1/1950 D1  |p 17A0459589  |r 2026-02-21 21:10:24  |t č. 1-10 + príl.  |w 2026-02-21  |y NEVYP  |z Príl. Knihy pre verejné knižnice, roč. II, 1950, č. 1-10 
952 |0 0  |1 0  |4 0  |7 1  |a SNK  |b SNK  |d 2015-03-19  |f 1  |i snk 478/52  |l 0  |o snkČSC 482/2/1951  |p 17A0734433  |r 2026-02-21 21:15:29  |t č. 1-10 + príl.  |w 2026-02-21  |y NEVYP  |z príl. Knihy pre verejné knižnice roč. III, 1951, č. 1-10 ;  
952 |0 0  |1 0  |4 0  |7 1  |8 5  |a SNK  |b SNK  |d 2002-10-17  |i snkF 5878/77  |l 0  |o snkČSC 482/1/1950 D1  |p 17A0360534  |r 2005-01-02 00:00:00  |t č. 1-10 + príl., neúplné  |w 2026-02-21  |y NEVYP  |z Chýba č. 3-4, 6 ; Príl. Knihy pre verejné knižnice, roč. II, 1950, č. 1, 4, 6-10 
952 |0 0  |1 0  |4 0  |7 1  |8 2  |a SNK  |b SNK  |d 2002-10-17  |f 1  |i snkČSV 26/57  |l 0  |o snkČSC 482/1/1950  |p 17A0360559  |r 2005-01-02 00:00:00  |t č. 1-10,+príl., neúpl.  |w 2026-02-21  |y NEVYP  |z chýba č. 3,9 ; príl. Knihy pre verejné knižnice r. 1950, chýba č. 2